01169 a2200253 450000500170000000800400001701000120005702000230006903500110009203700180010308200120012110000300013324501630016324601000032626000580042627001520048430000200063665000130065665000130066970000430068294200360072599900150076195201390077620081106143554.0081106t xxu||||| |||| 00| 0 ur d aUR-7422 a812301404-xc55.00 aU-5977 bD.B.Act / Pub a301.153 a غلام السيد ين aگا ندھی کی معنو يتbايک شخص اور مفکرکی حيثيت سےcخواجہ غلام السيد ين:مترجم نجم السحرثاقب aSignificance of Gandhi:AS A Man and Thinkerbby Khuaja Ghulam Alsyedeen:Trans by Najam Ul-Sehar aنئ دھلیbپبليکيشنز ڈو يژنc2006 aوزارت اطلا عا ت و نشريات،حکو مت ہند ،سو چنا بھون ،سی جی او کمپليکس،bنئ دھلیe110003 a85pc22cm (Pbk) aLectures aلکچر aمتر جم نجم السحر ثاقب adplcUR2ddch301.153mگ ا ن c7146d7146 00102ddc40718NFICaDBADbDBADd2008-11-06g55.00l0o301.153 گ ا نpU-5977r2008-09-15 00:00:00t1u7908v55.00w2008-09-15yUR